[Event "AUS-ch Major"]
[Site "Cammeray"]
[Date "2011.01.13"]
[Round "11"]
[White "Lay, Peter"]
[Black "Rachmadi, Herman"]
[Result "1-0"]
[WhiteElo "1987"]
[BlackElo "1836"]
[PlyCount "89"]
[EventDate "2011.01.02"]
[EventType "swiss"]
[EventRounds "11"]
[EventCountry "AUS"]
[SourceTitle "CBM 140 Extra"]
[Source "ChessBase"]
[SourceDate "2011.03.01"]
[SourceVersion "1"]
[SourceVersionDate "2011.03.01"]
[SourceQuality "1"]

1. e4 c5 2. Nf3 d6 3. d4 cxd4 4. Nxd4 Nf6 5. Nc3 a6 6. g3 e6 7. Bg2 Be7 8. 0-0 0-0 9. Be3 Qc7 10. f4 Nc6 11. Nxc6 bxc6 12. g4 Rb8 13. g5 Nd7 14. Rb1 Qa5 15. Qe1 Bd8 16. Kh1 d5 17. Qh4 Re8 18. Rf3 Nf8 19. Rg3 Ng6 20. Qh5 Bb6 21. b4 Bxe3 22. bxa5 Rxb1+ 23. Nxb1 Nxf4 24. Qf3 d4 25. e5 Bb7 26. Qf1 Nxg2 27. Kxg2 c5+ 28. Kh3 Be4 29. Na3 Bf5+ 30. Kh4 h6 31. gxh6 Bxh6 32. Rf3 Be4 33. Rb3 Kh7 34. Qxf7 Bg6 35. Qf2 Re7 36. Rf3 Rb7 37. Nc4 Rb4 38. Qe2 Rb1 39. Nd6 Rc1 40. Ne4 c4 41. Rg3 Bf5 42. Ng5+ Kg8 43. Qh5 Bxg5+ 44. Qxg5 g6 45. Qxc1 1-0

[Event "AUS-ch Major"]
[Site "Cammeray"]
[Date "2011.01.07"]
[Round "6"]
[White "Glissan, Paul"]
[Black "Lay, Peter"]
[Result "1-0"]
[WhiteElo "1887"]
[BlackElo "1987"]
[PlyCount "73"]
[EventDate "2011.01.02"]
[EventType "swiss"]
[EventRounds "11"]
[EventCountry "AUS"]
[SourceTitle "CBM 140 Extra"]
[Source "ChessBase"]
[SourceDate "2011.03.01"]
[SourceVersion "1"]
[SourceVersionDate "2011.03.01"]
[SourceQuality "1"]

1. e4 c5 2. Nc3 Nc6 3. g3 g6 4. Bg2 Bg7 5. d3 d6 6. Be3 e6 7. Qd2 Rb8 8. Nd1 b5 9. f4 Nge7 10. Nh3 0-0 11. 0-0 Qc7 12. c3 b4 13. g4 f5 14. gxf5 exf5 15. e5 Rd8 16. exd6 Qxd6 17. Qf2 Qxd3 18. Bxc5 Qd7 19. Re1 Nd5 20. Ng5 bxc3 21. Ne6 cxb2 22. Rb1 Re8 23. Nxg7 Rxe1+ 24. Qxe1 Kxg7 25. Qd2 Nf6 26. Qxd7+ Bxd7 27. Bxc6 Bxc6 28. Bxa7 Ra8 29. Bd4 Rxa2 30. Nxb2 Ra5 31. Re1 Kf7 32. Nc4 Ra6 33. Nd6+ Kg7 34. Re7+ Kf8 35. Bxf6 Ba4 36. Rc7 Ra8 37. Rxh7 1-0

[Event "AUS-ch Major"]
[Site "Cammeray"]
[Date "2011.01.04"]
[Round "3"]
[White "Wu, Edwin"]
[Black "Lay, Peter"]
[Result "0-1"]
[WhiteElo "1870"]
[BlackElo "1987"]
[PlyCount "98"]
[EventDate "2011.01.02"]
[EventType "swiss"]
[EventRounds "11"]
[EventCountry "AUS"]
[SourceTitle "CBM 140 Extra"]
[Source "ChessBase"]
[SourceDate "2011.03.01"]
[SourceVersion "1"]
[SourceVersionDate "2011.03.01"]
[SourceQuality "1"]

1. d4 f5 2. Nc3 Nf6 3. Bg5 e6 4. e4 fxe4 5. Bxf6 Qxf6 6. Nxe4 Qf4 7. Bd3 Be7 8. Qh5+ g6 9. Qf3 0-0 10. Qxf4 Rxf4 11. Ne2 Rf8 12. h4 d5 13. Ng5 c5 14. c3 Nc6 15. Nf3 Bf6 16. h5 Kg7 17. hxg6 hxg6 18. 0-0-0 e5 19. dxe5 Nxe5 20. Nxe5 Bxe5 21. Rdf1 Be6 22. f4 Bd6 23. Rhg1 Bg4 24. c4 Rae8 25. Nc3 dxc4 26. Bxc4 Bxf4+ 27. Kc2 Bg3 28. Rxf8 Rxf8 29. Bd5 b6 30. Ne4 Bf5 31. Kb3 Be5 32. g4 Bc8 33. Ng5 Rf2 34. Rh1 Rxb2+ 35. Ka3 Rh2 36. Re1 Bf6 37. Nf3 Rh3 38. Rg1 Ba6 39. Re1 Rg3 40. g5 Bxg5 41. Re8 Bb5 42. Ra8 Be2 43. Rxa7+ Kh6 44. Rf7 Bc1+ 45. Kb3 Bd1+ 46. Kc3 g5 47. Rf6+ Kg7 48. Rf7+ Kg6 49. Kc4 Be2+ 0-1

[Event "AUS-ch Major"]
[Site "Cammeray"]
[Date "2011.01.03"]
[Round "2"]
[White "Lay, Peter"]
[Black "Zhao, Zong Yuan"]
[Result "0-1"]
[WhiteElo "1987"]
[BlackElo "2586"]
[PlyCount "110"]
[EventDate "2011.01.02"]
[EventType "swiss"]
[EventRounds "11"]
[EventCountry "AUS"]
[SourceTitle "CBM 140 Extra"]
[Source "ChessBase"]
[SourceDate "2011.03.01"]
[SourceVersion "1"]
[SourceVersionDate "2011.03.01"]
[SourceQuality "1"]

1. e4 c5 2. Nf3 e6 3. d4 cxd4 4. Nxd4 a6 5. Nc3 b5 6. a3 Bb7 7. Bd3 d6 8. 0-0 Nf6 9. Be3 Be7 10. f3 Nbd7 11. Qe1 0-0 12. Rd1 Rc8 13. Nb3 Qc7 14. Qg3 Ne5 15. Be2 Rfe8 16. Kh1 g6 17. Qf2 d5 18. Bb6 Qb8 19. Ba7 Qa8 20. Bd4 Nc4 21. Bxc4 Rxc4 22. Na5 Rcc8 23. Nxb7 Qxb7 24. exd5 Nxd5 25. Nxd5 Qxd5 26. Bc3 Qc4 27. Rd3 a5 28. Bxa5 Qxc2 29. Rd2 Qb3 30. Rfd1 Bf6 31. Qe2 Rc4 32. Bd8 Bg7 33. h3 h5 34. Kh2 h4 35. Qe1 Bxb2 36. Rxb2 Qxb2 37. Bxh4 Rc2 38. Qf1 Rec8 39. Rb1 Rxg2+ 40. Kh1 Rh2+ 41. Kg1 Qe2 42. Bg5 Rc2 43. Qxe2 Rhxe2 44. h4 Kg7 45. Rd1 Rg2+ 46. Kh1 Rh2+ 47. Kg1 Rcg2+ 48. Kf1 Rh1+ 49. Kxg2 Rxd1 50. Be7 e5 51. Kf2 f5 52. Ke2 Rb1 53. Ke3 Rb3+ 54. Ke2 Kf7 55. Bc5 Ke6 0-1

[Event "AUS-ch Major"]
[Site "Cammeray"]
[Date "2010.01.11"]
[Round "9"]
[White "Lay, Peter"]
[Black "Wan, Dennis"]
[Result "1/2-1/2"]
[WhiteElo "1783"]
[BlackElo "1478"]
[PlyCount "87"]
[EventDate "2010.01.02"]
[EventType "swiss"]
[EventRounds "11"]
[EventCountry "AUS"]
[SourceTitle "EXT 2011"]
[Source "ChessBase"]
[SourceDate "2010.11.26"]
[SourceVersion "1"]
[SourceVersionDate "2010.11.26"]
[SourceQuality "1"]

1. e4 c5 2. Nf3 d6 3. d4 cxd4 4. Nxd4 Nf6 5. Nc3 a6 6. Be2 e5 7. Nb3 Be6 8. 0-0 Be7 9. f4 0-0 10. f5 Bxb3 11. axb3 Nbd7 12. Be3 b5 13. Bf3 Qc7 14. Rf2 Rfc8 15. g4 b4 16. Nd5 Nxd5 17. Qxd5 Qc6 18. Qd3 a5 19. Qf1 a4 20. bxa4 Rxa4 21. Rd1 Ra2 22. Bc1 Qb6 23. Kh1 Ra1 24. Rg2 Nb8 25. g5 Bf8 26. f6 g6 27. h4 Nc6 28. Be2 Nd4 29. Bd3 Qb7 30. h5 d5 31. Re1 Qd7 32. Rh2 Qg4 33. Qg2 Qxg2+ 34. Rxg2 dxe4 35. Bxe4 Bd6 36. hxg6 hxg6 37. Rh2 Ne6 38. Rg2 Rc4 39. Rge2 Nc5 40. Bd5 Rh4+ 41. Kg1 Rd4 42. Bg2 Ne6 43. Be3 Rxe1+ 44. Rxe1 1/2-1/2

[Event "AUS-ch Major"]
[Site "Cammeray"]
[Date "2010.01.10"]
[Round "8"]
[White "Lay, Peter"]
[Black "Javor, Stephen"]
[Result "1/2-1/2"]
[WhiteElo "1783"]
[BlackElo "1571"]
[PlyCount "75"]
[EventDate "2010.01.02"]
[EventType "swiss"]
[EventRounds "11"]
[EventCountry "AUS"]
[SourceTitle "EXT 2011"]
[Source "ChessBase"]
[SourceDate "2010.11.26"]
[SourceVersion "1"]
[SourceVersionDate "2010.11.26"]
[SourceQuality "1"]

1. e4 c5 2. Nf3 d6 3. d4 cxd4 4. Nxd4 Nf6 5. Nc3 a6 6. g3 e5 7. Nde2 Be7 8. Bg2 0-0 9. 0-0 b5 10. a3 Bb7 11. h3 Nbd7 12. g4 Nc5 13. Ng3 Ne6 14. Be3 Nd7 15. Nd5 g6 16. Nxe7+ Qxe7 17. Qd2 Rfd8 18. Ne2 Rac8 19. Nc3 Nf6 20. Nd5 Nxd5 21. exd5 Nf8 22. f4 exf4 23. Bxf4 Nd7 24. Rae1 Ne5 25. Bg5 Qc7 26. Bf6 Nd7 27. Re7 Qxc2 28. Qh6 Nxf6 29. Rxf6 Qd1+ 30. Rf1 Qd4+ 31. Kh2 Bxd5 32. Bxd5 Qxd5 33. Rexf7 Qxf7 34. Rxf7 Kxf7 35. Qxh7+ Kf6 36. Qh4+ Kf7 37. Qh7+ Kf6 38. h4 1/2-1/2

[Event "AUS-ch Major"]
[Site "Cammeray"]
[Date "2010.01.03"]
[Round "2"]
[White "Lay, Peter"]
[Black "Shi, Dawen"]
[Result "1/2-1/2"]
[WhiteElo "1783"]
[BlackElo "1525"]
[PlyCount "46"]
[EventDate "2010.01.02"]
[EventType "swiss"]
[EventRounds "11"]
[EventCountry "AUS"]
[SourceTitle "EXT 2011"]
[Source "ChessBase"]
[SourceDate "2010.11.26"]
[SourceVersion "1"]
[SourceVersionDate "2010.11.26"]
[SourceQuality "1"]

1. e4 d5 2. exd5 Nf6 3. d4 Nxd5 4. Nf3 Nc6 5. Bb5 a6 6. Ba4 b5 7. Bb3 e6 8. 0-0 Be7 9. a4 b4 10. c4 bxc3 11. bxc3 Na5 12. Bc2 Bb7 13. Re1 c5 14. Ne5 Nc6 15. Qh5 Nxe5 16. dxe5 Qc7 17. Bd2 Rd8 18. Qg4 g6 19. Bh6 Bf8 20. Bg5 Be7 21. Bh6 Bf8 22. Bg5 Be7 23. Bh6 Bf8 1/2-1/2